Most Subscribed YouTube Channels - Statistics

General Stats
  • This quiz has been taken 98 times
  • The average score is 3 of 20
Answer Stats
Subscribers Channel % Correct
104 Million PewDiePie
91%
140 Million T-Series
65%
51 Million Dude Perfect
22%
54 Million Justin Bieber
16%
73 Million SET India
12%
61 Million WWE
10%
67 Million 5-Minute Crafts
9%
41 Million Ariana Grande
9%
83 Million Cocomelon - Nursery Rhymes
5%
45 Million Ed Sheeran
5%
55 Million Zee Music Company
5%
43 Million Badabun
4%
54 Million Kids Diana Show
4%
45 Million Zee TV
4%
58 Million Canal KondZilla
2%
43 Million EminemMusic
2%
41 Million HolaSoyGerman.
2%
46 Million Marshmello
2%
41 Milllion Vlad and Niki
2%
55 Million Like Natasya
0%
No matching quizzes found
Score Distribution
Percent of People with Each Score
Percentile by Number Answered
Your Score History
You have not taken this quiz